000 00496nam a2200169 i 4500
001 174407
003 ES-MaACL
005 20230906215522.0
008 100415s1929 fr |||| | fre d
080 _a930.85(5)
100 0 _aGrousset, René.
_960211
245 1 4 _aLes civilisations de l'orient.
_nI,
_pL'orient /
_cRené Grousset.
260 _aParis :
_bG. Crès,
_c1929.
300 _a362 p. :
_bil. ;
_c23 cm.
650 4 _aCivilización oriental.
_9142522
852 _aES-MaACL
_jB-13124
999 _c174407
_d174407